000 00867nam a2200265 a 4500
001 000048157
003 DO-SdBNP
005 20230412135533.0
007 ta
008 181204s2012 dr a 000 0 spa d
020 _a9789945116540
040 _aDO-SdBNP
_bspa
_cBNPHU
082 4 _222
100 1 _aCapellán Almonte, Fanny
_929766
245 1 0 _aCívica 1 :
_beducación básica /
_cFanny Capellán Almonte ; editora Margarita Castro Catrain ; ilustración Ruddy Núñez.
260 _aSanto Domingo :
_bSantillana,
_c2012.
300 _a2v. :
_bil., ;
_c28 cm.
490 0 _aSantillana
490 0 _ainnova
505 0 _gv.1.
_tLibro texto--
_gv.2.
_tEdición anotada, para el profesor y la profesora
590 _aInventariado, 2018/MFF
700 1 _aCastro Castrain, Margarita,
_eed.
_975608
700 1 _aNúñez, Ruddy,
_eil.
_923171
942 _2ddc
_cLBS1
999 _c47645
_d47645